Central Library OPAC University of Rajshahi

Technology : (Record no. 33643)

MARC details
000 -LEADER
fixed length control field 00814nam a2200277 4500
001 - CONTROL NUMBER
control field 33643
003 - CONTROL NUMBER IDENTIFIER
rucl marc code BD-RjUL
005 - DATE AND TIME OF LATEST TRANSACTION
control field 20211209052034.0
008 - FIXED-LENGTH DATA ELEMENTS--GENERAL INFORMATION
fixed length control field 140510s1975 nyua b 000 0 eng
020 ## - INTERNATIONAL STANDARD BOOK NUMBER
International Standard Book Number 003013496X
035 ## - SYSTEM CONTROL NUMBER
System control number (BD-RjUL)33734
040 ## - CATALOGING SOURCE
Original cataloging agency DLC
Transcribing agency DLC
Modifying agency DLC
-- BD-RjUL
Language of cataloging eng
041 ## - LANGUAGE CODE
Language code of text/sound track or separate title eng
082 00 - DEWEY DECIMAL CLASSIFICATION NUMBER
Classification number 301.21
Author mark and year LUT 1975
100 2# - MAIN ENTRY--PERSONAL NAME
Personal name Lustig-Arecco, Vera.
9 (RLIN) 102144
245 10 - TITLE STATEMENT
Title Technology :
Remainder of title strategies for survival /
Statement of responsibility, etc. Vera Lustig-Arecco.
260 ## - PUBLICATION, DISTRIBUTION, ETC. (IMPRINT)
Place of publication, distribution, etc. New York :
Name of publisher, distributor, etc. Holt, Rinehart and Winston,
Date of publication, distribution, etc. c1975.
300 ## - PHYSICAL DESCRIPTION
Pagination xiv, 77 p. :
Illustrations illus. ;
Size 24 cm.
490 0# - SERIES STATEMENT
Series statement Basic anthropology units
504 ## - BIBLIOGRAPHY, ETC. NOTE
Bibliography, etc Bibliography: p. 74-75.
650 #0 - SUBJECT ADDED ENTRY--TOPICAL TERM
Topical term or geographic name as entry element Industries, Primitive.
9 (RLIN) 52048
Topical term or geographic name as entry element Economic anthropology.
9 (RLIN) 5942
942 ## - ADDED ENTRY ELEMENTS (KOHA)
Source of classification or shelving scheme Dewey Decimal Classification
Koha item type Books
Holdings
Lost status Source of classification or shelving scheme Damaged status Not for loan Collection code Permanent Location Current Location Shelving location Date acquired Source of acquisition Cost, normal purchase price Total Checkouts Full call number Date last seen Copy number Koha item type
  Dewey Decimal Classification   Not For Loan Non-fiction Central Library, University of Rajshahi Central Library, University of Rajshahi Reading Room 19/07/1987 Asia Fundation Gift 0.00   301.21 LUT 1975 10/05/2014 C-1 Books